000 00307nam a2200121Ia 4500
008 190216s9999||||xx |||||||||||||| ||und||
100 _aMurrar Daniel A
245 0 _aIntroductory Course In Differential Equations
260 _bOrient Longman
_c1969
300 _a236p
650 _aMathematics
942 _cBK
999 _c30737
_d30737